| 000 | 00535nam a2200181 i 4500 | ||
|---|---|---|---|
| 001 | 107132 | ||
| 003 | ES-MaACL | ||
| 005 | 20250825092212.0 | ||
| 007 | t| | ||
| 008 | 061121s1931 it r ||||1| ita d | ||
| 100 | 1 |
_aMorgana, Mario. _983530 |
|
| 245 | 1 | 0 |
_aRestauro dei libri antichi con nove incisioni nel testo e undici tavole / _cMario Morgana. |
| 260 |
_aMilano : _bN. Allegretti, _c1931. |
||
| 300 |
_a192 p. ; _c16 cm. |
||
| 650 | 4 |
_aLibros- _xRestauración _914437 |
|
| 852 |
_aES-MaACL _jF-13680 |
||
| 999 |
_c107132 _d107132 |
||